Sant Pere de Riudebitlles : vuit anys d'un municipi : 1983 - 1991 vuit anys d'un municipi :
Descripción Física:
100 p. : il., gràf. ; 29 cm
MARC
| LEADER | 00000nam a2200000Ia 4500 | ||
|---|---|---|---|
| 001 | 22089 | ||
| 008 | 160829s1991 xx 000 0 cat d | ||
| 080 | |a M-6-287 | ||
| 245 | |a Sant Pere de Riudebitlles : |b vuit anys d'un municipi : |b 1983 - 1991 | ||
| 260 | |a Sant Pere de Riudebitlles : |b l'Ajuntament, |c 1991 | ||
| 300 | |a 100 p. : |b il., gràf. ; |c 29 cm | ||
| 590 | |a Prové de 3689, exp. 2 | ||
| 650 | |a Sant Pere de Riudebitlles |x Política i govern |x S. XX |9 47069 | ||
| 710 | 1 | |a Sant Pere de Riudebitlles (Catalunya). |b Ajuntament |9 55649 | |
| 901 | |a Arxiu | ||
| 942 | |n 1 | ||
| 952 | |0 0 |1 0 |4 0 |6 M6287 |7 1 |9 53641 |a Arxiu |b Arxiu |d 2016-12-01 |l 0 |o M-6-287 |p 22089 |r 2016-12-01 00:00:00 |w 2016-12-01 |y ARXIU | ||
| 999 | |c 57507 |d 57507 | ||